书目信息 |
| 题名: |
比较文学研究译文集
|
|
| 作者: | 于永昌 , 廖鸿钧 , 倪蕊琴 编选 | |
| 分册: | ||
| 出版信息: | 上海 上海译文出版社 1985 |
|
| 页数: | 432页 | |
| 开本: | 20cm | |
| 丛书名: | ||
| 单 册: | ||
| 中图分类: | I0-03 | |
| 科图分类: | ||
| 主题词: | 文学理论 | |
| 电子资源: | ||
| ISBN: | ||
| 000 | 00720nam0 2200265 45 | |
| 001 | 0185005733 | |
| 005 | 20040425134457.3 | |
| 010 | @dCNY2.60 | |
| 091 | @a10188.583 | |
| 100 | @a19901105d1985 km y0chiy0121 ea | |
| 101 | 0 | @achi |
| 102 | @aCN@b310000 | |
| 105 | @ay z 000yy | |
| 106 | @ar | |
| 200 | 10 | @a比较文学研究译文集@Abi jiao wen xue yan jiu yi wen ji@f于永昌等编选 |
| 210 | @a上海@c上海译文出版社@d1985 | |
| 215 | @a432页@d20cm | |
| 606 | 0 | @a文学理论 |
| 690 | @aI0-03 | |
| 701 | 0 | @a于永昌@Ayu yong chang@4编选 |
| 701 | 0 | @a廖鸿钧@Aliao hong jun@4编选 |
| 701 | 0 | @a倪蕊琴@Ani rui qin@4编选 |
| 801 | 0 | @aCN@b深圳图书馆@c20040425 |
| 801 | 2 | @aCN@bNLC@c20040425 |
| 905 | @f1@b254891@dI0-03@e172 | |
| 比较文学研究译文集/于永昌等编选.-上海:上海译文出版社,1985 |
| 432页;20cm |
| ISBN :CNY2.60 |
| ● |
| 相关链接 |
|
|
|
|
正题名:比较文学研究译文集
索取号:I0-03/172
 
预约/预借
| 序号 | 登录号 | 条形码 | 馆藏地/架位号 | 状态 | 备注 |
| 1 | 0254890 | 000903099 | 第一样本阅览室/ [索取号:I0-03/172] | 在馆 | |
| 2 | 0254891 | 000903106 | 第二借阅区/ [索取号:I0-03/172] | 在馆 |